| 000 | 00469nam a22001937a 4500 | ||
|---|---|---|---|
| 003 | LK-CoMWRAF | ||
| 005 | 20231130102620.0 | ||
| 008 | 231130b |||||||| |||| 00| 0 eng d | ||
| 020 | _a8185944601 | ||
| 040 |
_aLK-CoMWRAF _dLK-CoMWRAF _eLK-CoMWRAF |
||
| 041 | _aeng | ||
| 082 |
_a823 _bGIB |
||
| 100 | _aGibran, Kahlil | ||
| 245 | _aSecrets of the heart | ||
| 260 |
_aKanpur : _bU B S publishers _c1994 |
||
| 300 | _a74p | ||
| 650 | _aEnglish Fiction | ||
| 942 | _cBK | ||
| 999 |
_c4263 _d4263 |
||